000 00668cam a22002055a 4500
001 L141145
008 071030s1807 xxk eng u
035 _a(Sirsi) u141145
041 0 _aeng
100 1 _aShaw
245 0 0 _aEstates at Burnaston, near Etwall
_bto be sold by auction by Mr Shaw at the Bell Inn, in Derby, on Thursday the 24th day of December 1807...
260 _aS.l.
_bs.n.
_c[1807]
300 _a1 sheet
_c33 x 21 cm.
340 _aPrinted
351 _cSingle item
500 _aAnnotated in ink and pencil.
651 4 _aDerbyshire
690 _aPROPERTY-PROPERTY ACQUISITION AND DISPOSAL-ACQUISITION AND DISPOSAL AT AUCTION
942 _n0
999 _c116621
_d116621